000 00297nam a2200133Ia 4500
005 20260328104304.0
008 260328s9999||||xx |||||||||||||| ||und||
100 _aSpinoza, Baruch
245 0 _aÉtica /
_cBaruch Spinoza
260 _bSarpe
300 _a263 p.
650 _aETICA
942 _cBK
999 _c10698
_d10698